000 00533nam 22001933 4500
001 201845
010 _a972-42-1147-9
021 _b85536/95
090 _a201845
100 _a20260420d u||y0pory50 ba
200 _aNa teia da aranha
_fJames Patterson
210 _aLisboa
_cCirculo de Leitores
_d1995
215 _a430 p.
_cencadernado
_d21 cm
606 _916
_aLiteratura Americana
675 _a821.111(73)-3
_vPT
_zpor
700 _9718
_aPatterson
_bJames
_f1947-
801 _aPT
_bBMMN
_gRPC
830 _cFernando
_fFernando
990 _cLIVROS